| 000 | 00377nam a2200145Ia 4500 | ||
|---|---|---|---|
| 008 | 150201s2009 xx 000 0 und d | ||
| 082 |
_a617.645 _bP2009K |
||
| 100 | _aKOCH,GORAN | ||
| 245 | _aPEDIATRIC DENTISTRY : A CLINICAL APPROACH | ||
| 250 | _a2ND | ||
| 260 |
_bWILEY BLACKWELL PUBLISHING _aEDINBURGH _c2009 |
||
| 300 | _a1-360 | ||
| 650 | _aPEDODONTICS | ||
| 942 |
_2ddc _cBK |
||
| 999 |
_c4557 _d4557 |
||